Наведенные оптические потери в монокристаллах СDS и СDТЕ; Известия вузов. Физика; Т. 55, № 6/2

Bibliographische Detailangaben
Parent link:Известия вузов. Физика: научный журнал.— , 1957-
Т. 55, № 6/2.— 2012.— [С. 147-151]
Körperschaften: Национальный исследовательский Томский политехнический университет (ТПУ) Институт физики высоких технологий (ИФВТ) Кафедра лазерной и световой техники (ЛиСТ), Национальный исследовательский Томский политехнический университет (ТПУ) Институт физики высоких технологий (ИФВТ) Кафедра материаловедения и технологии металлов (МТМ)
Weitere Verfasser: Штанько В. Ф. Виктор Федорович, Чинков Е. П. Евгений Петрович, Степанов С. А. Сергей Александрович, Обухова Е. Е. Елена Евгеньевна
Zusammenfassung:Заглавие с экрана
Представлены результаты изучения изменения прозрачности кристаллов CdS и CdTe при воздействии импульсного электронного пучка и импульсной катодолюминесценции при температуре 295 К. Показано, что величина показателя наведенного поглощения сопоставима с коэффициентом оптического усиления излучения при вынужденном распаде экситонов.
Режим доступа: по договору с организацией-держателем ресурса
Sprache:Russisch
Veröffentlicht: 2012
Schlagworte:
Online-Zugang:http://elibrary.ru/item.asp?id=18441419
Format: Elektronisch Buchkapitel
KOHA link:https://koha.lib.tpu.ru/cgi-bin/koha/opac-detail.pl?biblionumber=641032

MARC

LEADER 00000naa0a2200000 4500
001 641032
005 20250313134939.0
035 |a (RuTPU)RU\TPU\network\5910 
035 |a RU\TPU\network\5908 
090 |a 641032 
100 |a 20150507d2012 k||y0rusy50 ca 
101 0 |a rus 
102 |a RU 
135 |a drcn ---uucaa 
181 0 |a i  
182 0 |a b 
200 1 |a Наведенные оптические потери в монокристаллах СDS и СDТЕ  |f В. Ф. Штанько [и др.] 
203 |a Текст  |c электронный 
300 |a Заглавие с экрана 
320 |a [Библиогр.: с. 151 (9 назв.)] 
330 |a Представлены результаты изучения изменения прозрачности кристаллов CdS и CdTe при воздействии импульсного электронного пучка и импульсной катодолюминесценции при температуре 295 К. Показано, что величина показателя наведенного поглощения сопоставима с коэффициентом оптического усиления излучения при вынужденном распаде экситонов. 
333 |a Режим доступа: по договору с организацией-держателем ресурса 
461 |t Известия вузов. Физика  |o научный журнал  |d 1957- 
463 |t Т. 55, № 6/2  |v [С. 147-151]  |d 2012 
610 1 |a электронный ресурс 
610 1 |a труды учёных ТПУ 
610 1 |a оптические потери 
610 1 |a монокристаллы 
610 1 |a электронные пучки 
610 1 |a катодолюминесценция 
610 1 |a экситоны 
701 1 |a Штанько  |b В. Ф.  |c физик  |c профессор Томского политехнического университета, доктор физико-математических наук  |f 1948-  |g Виктор Федорович  |3 (RuTPU)RU\TPU\pers\25978  |9 11827 
701 1 |a Чинков  |b Е. П.  |c специалист в области материаловедения  |c доцент Томского политехнического университета, кандидат физико-математических наук  |f 1952-  |g Евгений Петрович  |3 (RuTPU)RU\TPU\pers\27006  |9 12591 
701 1 |a Степанов  |b С. А.  |c специалист в области светотехники  |c инженер Томского политехнического университета  |f 1986-  |g Сергей Александрович  |3 (RuTPU)RU\TPU\pers\30150  |9 14555 
701 1 |a Обухова  |b Е. Е.  |c специалист в области светотехники  |c инженер Томского политехнического университета  |f 1981-  |g Елена Евгеньевна  |3 (RuTPU)RU\TPU\pers\34493 
712 0 2 |a Национальный исследовательский Томский политехнический университет (ТПУ)  |b Институт физики высоких технологий (ИФВТ)  |b Кафедра лазерной и световой техники (ЛиСТ)  |3 (RuTPU)RU\TPU\col\18690 
712 0 2 |a Национальный исследовательский Томский политехнический университет (ТПУ)  |b Институт физики высоких технологий (ИФВТ)  |b Кафедра материаловедения и технологии металлов (МТМ)  |3 (RuTPU)RU\TPU\col\18689 
801 2 |a RU  |b 63413507  |c 20150614  |g RCR 
856 4 |u http://elibrary.ru/item.asp?id=18441419 
942 |c CF